000 01112nam0a22002771 4500
001 rc\39621
005 20021216124511.0
035 _a(NLR Aleph) 005321938
090 _a6497861
_c6497861
100 _a20021216d1996 u |0rusy50 ca
101 0 _arus
102 _aRU
105 _aa |||||||||
200 1 _aПодстройка частоты резонатора ускоряющей структуры колебательным контуром
_fО.К. Беляев, В.А. Тепляков
210 _aПротвино
_cИФВЭ
_d1996
215 _a[1], 6 с.
_cил.
_d28
225 1 _aПрепринт
_fГос. науч. центр Рос. Федерации "Ин-т физики высоких энергий"
_vИФВЭ ОЛУ 96-35
300 _aРез. на англ. яз.
320 _aБиблиогр.: с. 6
700 1 _aБеляев
_bО. К.
_gОлег Кириллович
701 1 _aТепляков
_bВ. А.
_f1925-
_gВладимир Александрович
801 0 _aRU
_bNLR
_gpsbo
801 1 _aRU
_bELAR
_2rusmarc
852 _aNLR
_j96-8/1669
942 _cBOOK
980 _aNB